|
|
|
|
| LEADER |
00000naa2a2200000 4500 |
| 001 |
388857 |
| 005 |
20231101063807.0 |
| 035 |
|
|
|a (RuTPU)RU\TPU\prd\20400
|
| 090 |
|
|
|a 388857
|
| 100 |
|
|
|a 20031211a2003 k y0rusy50 ca
|
| 101 |
0 |
|
|a rus
|
| 102 |
|
|
|a RU
|
| 200 |
1 |
|
|a Датчики тока на основе эффекта Холла
|f Д. Романенко
|
| 225 |
1 |
|
|a Основы схемотехники
|
| 461 |
|
1 |
|0 (RuTPU)RU\TPU\prd\2494
|t Схемотехника
|o научно-технический журнал
|d 2002-2007
|
| 463 |
|
1 |
|0 (RuTPU)RU\TPU\prd\18871
|t № 6
|v С. 25-26
|d 2003
|
| 610 |
1 |
|
|a датчики
|
| 610 |
1 |
|
|a эффект Холла
|
| 610 |
1 |
|
|a датчики тока
|
| 700 |
|
1 |
|a Романенко
|b Д.
|
| 801 |
|
1 |
|a RU
|b 63413507
|c 20031211
|g PSBO
|
| 801 |
|
2 |
|a RU
|b 63413507
|c 20131218
|g RCR
|
| 942 |
|
|
|c BK
|